Historia Argentina : Tomo XV. Antiperonismo /
Saved in:
| Format: | Book |
|---|---|
| Published: |
Buenos Aires :
Oriente,
1993.
|
| LEADER | 00401nam a22001097a 4500 | ||
|---|---|---|---|
| 003 | AR-BeUNQ | ||
| 005 | 20240312121001.0 | ||
| 999 | |c 34593 |d 118393 | ||
| 245 | |a Historia Argentina : |b Tomo XV. Antiperonismo / |c Fermín Chávez, Juan C. Cantoni, Enrique Manson, Jorge SUlé. | ||
| 260 | |a Buenos Aires : |b Oriente, |c 1993. | ||
| 929 | |a DONACION |g 3597 |b Anabella Crespo |d 300,00 |e 20220413 |h 1 |f PAT0076575 |o PR |l Estante CH | ||
| 942 | |c LIB |n 0 | ||